| 000 | 00664nam a22001937a 4500 | ||
|---|---|---|---|
| 999 |
_c16375 _d16375 |
||
| 003 | AR-CdUCM | ||
| 008 | 190503b ||||| |||| 00| 0 spa d | ||
| 040 |
_aMUNICIPALIDAD PROVINCIAL DEL CUSCO _cBIBLIOTECA MUNICIPAL DEL CUSCO |
||
| 082 |
_a268.3 / _bA45 |
||
| 100 |
_aAlvarez, Victor _926886 |
||
| 245 |
_aEducación moral y religiosa : _bcuarto año / |
||
| 260 |
_aLima : _bSalesiana, _c1945. |
||
| 300 |
_a107 páginas ; _c18 cm. |
||
| 505 | _aActividades permanentes -- Actividades especificas -- Principales fiestas -- El credo -- | ||
| 650 |
_aEducación religiosa. _935739 |
||
| 650 |
_aCredo. _935740 |
||
| 942 |
_2ddc _cLIBROS |
||
| 945 |
_apjha _d2019-05-03 |
||